000 00859nam a2200265Ia 4500
003 OSt
005 20221005032130.0
006 a|||||r|||| 00| 0
007 ta
008 221004b |||||||| |||| 00| 0 eng d
020 _a9781555707798 (pbk)
_c4112.56
024 _a25230
037 _b13459, 16/02/2016, Shankar's Book Agency Pvt. Ltd.
_cTextual
040 _aCRL
_cCRL
_beng
041 _2eng
_aeng
082 _a2:(D65,8(B):71S), Q2
100 _aSteiner Sarah K.
_9584851
245 0 _aStrategic planning for social media in libraries
260 _aChicago
_bAla Tech Source U.S.A
_c2012
300 _axiii, 109p.
_ccm.
490 _aTech set 15
650 _aLIBRARY SCIENCE
942 _h2:(D65,8(B):71S), Q2
_cTEXL
_2cc
999 _c939167
_d939167